Tìm hiểu tình hình sạt lở, bồi tụ của sông Trà Bồng. Những ảnh hưởng của nó đến tự nhiên và kinh tế - xã hội của vùng
Cơ sở lí luận và thực tiễn của vấn đề nghiên cứu. Tình hình sạt lở và bồi tụ của sông Trà Bồng. Những ảnh hưởng của các quá trình sạt lở, bồi tụ ở sông Trà Bồng, các biện pháp khắc phục.
में बचाया:
| मुख्य लेखक: | |
|---|---|
| अन्य लेखक: | |
| स्वरूप: | पुस्तक |
| भाषा: | Vietnamese |
| प्रकाशित: |
Đại học Đà Nẵng
Trường Đại học Sư phạm
2008
|
| श्रृंखला: | Khóa luận tốt nghiệp Đại học. Chuyên ngành: Cử nhân Địa lý
|
| विषय: | |
| टैग : |
टैग जोड़ें
कोई टैग नहीं, इस रिकॉर्ड को टैग करने वाले पहले व्यक्ति बनें!
|
| Thư viện lưu trữ: | Mạng thư viện Đại học Đà Nẵng |
|---|
| LEADER | 01669nam a2200349 4500 | ||
|---|---|---|---|
| 001 | 000011056 | ||
| 003 | 7284 | ||
| 005 | 20120201100210.0 | ||
| 008 | 120201s2008 viesd | ||
| 041 | |a vie | ||
| 072 | |a Khóa luận tốt nghiệp | ||
| 082 | |a 551.483 |b LÊ-L | ||
| 100 | 1 | |a Lê, Văn Lợi | |
| 245 | 1 | |a Tìm hiểu tình hình sạt lở, bồi tụ của sông Trà Bồng. Những ảnh hưởng của nó đến tự nhiên và kinh tế - xã hội của vùng |c Lê, Văn Lợi | |
| 260 | |a Đại học Đà Nẵng |b Trường Đại học Sư phạm |c 2008 | ||
| 300 | |a 90 tr. |b bản đồ + ảnh m.họa |c 29 cm | ||
| 490 | |a Khóa luận tốt nghiệp Đại học. Chuyên ngành: Cử nhân Địa lý | ||
| 500 | |a Tham khảo 90 tr. | ||
| 520 | |a Cơ sở lí luận và thực tiễn của vấn đề nghiên cứu. Tình hình sạt lở và bồi tụ của sông Trà Bồng. Những ảnh hưởng của các quá trình sạt lở, bồi tụ ở sông Trà Bồng, các biện pháp khắc phục. | ||
| 653 | |a Khóa luận tốt nghiệp Đại học | ||
| 653 | |a Khoa Địa lý | ||
| 700 | 1 | |a Lê, Thị Thanh Hương |c Ths |e Hướng dẫn | |
| OWN | |a LSP | ||
| AVA | |a UDN50 |b LSP |d 551.483 LÊ-L |e available |t Error 5001 Not defined in file expand_doc_bib_avail. |f 1 |g 0 |h N |i 0 |k 1 | ||
| 999 | |a From the UDN01 | ||
| AVA | |a UDN50 |b LSP |d 551.483 LÊ-L |e available |t Error 5001 Not defined in file expand_doc_bib_avail. |f 1 |g 0 |h N |i 0 |k 1 | ||
| TYP | |a Monograph | ||
| TYP | |a Printed language | ||
| 980 | |a Mạng thư viện Đại học Đà Nẵng | ||